000 00360nam a2200145Ia 4500
008 230917s9999||||xx |||||||||||||| ||und||
040 _e98468
_aMAIN
041 _aEnglish
082 _a20 D738G:P
100 _aGripp, Richard C
245 0 _aPatterns of soviet politics
260 _aHomewood
_bThe Dorsey Press
_c1963
300 _ax, 366 p.
942 _cBK
999 _c220527
_d220527